000
00275nam a2200109Ia 4500
008
230907s9999||||xx |||||||||||||| ||und||
082
_a
327.5405491
_b
JAC
245
0
_a
Line on Fire:
260
_a
Oxford University Press,
_b
New Delhi :
_c
2019
300
_a
401 p.
942
_c
BK
999
_c
599278
_d
599278